[Event "LAT-ch"]
[Site "Riga"]
[Date "2017.05.03"]
[Round "5"]
[White "Smilga, Kristaps"]
[Black "Kretainis, Kristaps"]
[Result "0-1"]
[WhiteElo "2131"]
[BlackElo "2246"]
[PlyCount "68"]
[EventDate "2017.04.30"]
[EventType "swiss"]
[EventRounds "9"]
[EventCountry "LAT"]
[SourceTitle "CBM 178 Extra"]
[Source "ChessBase"]
[SourceDate "2017.06.22"]
[SourceVersion "1"]
[SourceVersionDate "2017.06.22"]
[SourceQuality "1"]

1. e4 d6 2. d4 Nf6 3. Nc3 e5 4. Nf3 Nbd7 5. Bc4 Be7 6. 0-0 0-0 7. a4 c6 8. Ba2 a5 9. Re1 h6 10. h3 Re8 11. dxe5 dxe5 12. Be3 Qc7 13. Nh4 Bc5 14. Nf5 Bxe3 15. Rxe3 Nc5 16. Qe2 Be6 17. Rg3 Bxf5 18. exf5 e4 19. Qe3 b6 20. Re1 Qe5 21. Bc4 Kf8 22. b3 Qxf5 23. Ne2 Rad8 24. Nd4 Qd7 25. c3 Nd5 26. Bxd5 Qxd5 27. Rb1 Nd3 28. Rg4 c5 29. Ne2 g5 30. c4 Qe5 31. f4 exf3 32. Qxf3 Qxe2 33. Qf6 Qe3+ 34. Kh2 Qe5+ 0-1

[Event "Baltija Cup op-A"]
[Site "Palanga"]
[Date "2011.06.20"]
[Round "3"]
[White "Smilga, Kristaps"]
[Black "Jankunas, Valentinas"]
[Result "1/2-1/2"]
[WhiteElo "2150"]
[BlackElo "1844"]
[PlyCount "99"]
[EventDate "2011.06.19"]
[EventType "swiss"]
[EventRounds "8"]
[EventCountry "LTU"]
[SourceTitle "EXT 2012"]
[Source "ChessBase"]
[SourceDate "2011.11.24"]
[SourceVersion "1"]
[SourceVersionDate "2011.11.24"]
[SourceQuality "1"]

1. e4 e5 2. Nf3 Nf6 3. d4 exd4 4. e5 Ne4 5. Qxd4 d5 6. exd6 Nxd6 7. Nc3 Nc6 8. Qf4 Be7 9. Bd3 0-0 10. Bd2 Be6 11. 0-0-0 Qd7 12. Ne4 Nxe4 13. Bxe4 Bd6 14. Qg5 f6 15. Qh4 Bf5 16. Bd5+ Be6 17. Be4 Bf5 18. Rhe1 Bxe4 19. Rxe4 Rfe8 20. Rde1 Qf7 21. Kb1 Rxe4 22. Qxe4 Rd8 23. Re2 Rd7 24. Qf5 Rd8 25. Qb5 Rb8 26. Bc3 a6 27. Qf5 Re8 28. Re4 Rxe4 29. Qxe4 Qe7 30. Qd5+ Qf7 31. Qf5 Qe8 32. a3 Qe7 33. h4 Nd8 34. Qc8 c6 35. h5 Qc7 36. Qg4 Qf7 37. Nd4 Be5 38. Nf5 Kh8 39. Bxe5 fxe5 40. Nd6 Qe7 41. Nc4 b5 42. Ne3 Qe6 43. Qe4 Nf7 44. f4 g6 45. f5 gxf5 46. Nxf5 Nd6 47. Qxc6 Qxf5 48. Qxd6 Qf1+ 49. Ka2 Qc4+ 50. Kb1 1/2-1/2

[Event "Baltija Cup op-A"]
[Site "Palanga"]
[Date "2011.06.20"]
[Round "2"]
[White "Svitojus, Zygimantas"]
[Black "Smilga, Kristaps"]
[Result "1-0"]
[WhiteElo "1897"]
[BlackElo "2150"]
[PlyCount "76"]
[EventDate "2011.06.19"]
[EventType "swiss"]
[EventRounds "8"]
[EventCountry "LTU"]
[SourceTitle "EXT 2012"]
[Source "ChessBase"]
[SourceDate "2011.11.24"]
[SourceVersion "1"]
[SourceVersionDate "2011.11.24"]
[SourceQuality "1"]

1. e4 c5 2. Nf3 e6 3. d4 cxd4 4. Nxd4 a6 5. c4 Nf6 6. Nc3 Bb4 7. Bd3 Bxc3+ 8. bxc3 d6 9. 0-0 0-0 10. Bg5 h6 11. Bh4 Nbd7 12. f4 Qa5 13. Rc1 b6 14. g4 Bb7 15. Qf3 Qc5 16. Rf2 Rac8 17. g5 hxg5 18. Bxg5 Nh7 19. Bh4 Rfe8 20. Rg2 Nhf6 21. Rg5 e5 22. Bf2 Nh7 23. Rg2 Qa3 24. Ne2 f6 25. Re1 exf4 26. Qxf4 Ng5 27. Rg3 Ne5 28. Bc2 Nxc4 29. h4 Nxe4 30. Bxe4 Bxe4 31. Qxf6 Rc7 32. Bd4 Ree7 33. Nf4 Kh7 34. Nh5 gxf6 35. Nxf6+ Kh6 36. Ng8+ Kh5 37. Nf6+ Kxh4 38. Bf2 Qxc3 1-0

[Event "Warsaw AIG Life rapid 8th"]
[Site "Warsaw"]
[Date "2008.12.20"]
[Round "2"]
[White "Bartel, Mateusz"]
[Black "Smilga, Kristaps"]
[Result "1-0"]
[WhiteElo "2602"]
[BlackElo "2150"]
[PlyCount "119"]
[EventDate "2008.12.20"]
[EventType "swiss (rapid)"]
[EventRounds "13"]
[EventCountry "POL"]
[SourceTitle "CBM 127 Extra"]
[Source "ChessBase"]
[SourceDate "2009.01.08"]
[SourceVersion "2"]
[SourceVersionDate "2009.01.28"]
[SourceQuality "1"]

1. d4 Nf6 2. Nf3 g6 3. c4 Bg7 4. Nc3 d6 5. e4 0-0 6. Be2 e5 7. Be3 Ng4 8. Bg5 f6 9. Bc1 Nh6 10. 0-0 Nc6 11. d5 Ne7 12. h3 Nf7 13. b4 f5 14. Ng5 Nxg5 15. Bxg5 h6 16. Bd2 Kh7 17. Bf3 Ng8 18. c5 Nf6 19. Be3 f4 20. Bd2 g5 21. Rc1 Qe8 22. Be2 Qg6 23. f3 h5 24. Kf2 g4 25. hxg4 hxg4 26. Rh1+ Kg8 27. Qg1 Nh5 28. Ke1 Ng3 29. Rh2 Nxe2 30. Nxe2 Bd7 31. Rh1 Bb5 32. Qh2 Rac8 33. Qh4 Kf7 34. Qxg4 Qxg4 35. fxg4 Kg6 36. Kf2 Bf6 37. Kf3 dxc5 38. Rxc5 Bd7 39. Rhc1 c6 40. dxc6 Bxc6 41. b5 Bd7 42. Rxc8 Rxc8 43. Rxc8 Bxc8 44. g3 Bd7 45. gxf4 exf4 46. Nxf4+ Kf7 47. a4 a6 48. bxa6 bxa6 49. a5 Bd4 50. Nd5 Be5 51. Bc3 Bd6 52. g5 Kg6 53. Bf6 Ba3 54. Nf4+ Kf7 55. Bc3 Bc1 56. g6+ Kg8 57. Nd5 Bg5 58. Bf6 Bh6 59. Ne7+ Kf8 60. Nf5 1-0

[Event "LAT-LTU m"]
[Site "Liepaja"]
[Date "2005.08.14"]
[Round "1"]
[White "Smilga, Kristaps"]
[Black "Jonusevicius, Audrius"]
[Result "1-0"]
[WhiteElo "2150"]
[BlackElo "2111"]
[PlyCount "59"]
[EventDate "2005.08.14"]
[EventType "team"]
[EventRounds "1"]
[EventCountry "LAT"]
[SourceTitle "EXT 2006"]
[Source "ChessBase"]
[SourceDate "2005.11.24"]
[SourceVersion "1"]
[SourceVersionDate "2005.11.24"]
[SourceQuality "1"]

1. e4 c5 2. Nf3 d6 3. d4 cxd4 4. Nxd4 Nf6 5. Nc3 a6 6. Be2 g6 7. 0-0 Bg7 8. Be3 0-0 9. f4 Nc6 10. Bf3 Qb6 11. Qd3 Qxb2 12. a3 Qb6 13. Nxc6 Qxc6 14. e5 Bf5 15. Bxc6 Bxd3 16. cxd3 Ng4 17. Bxb7 Rab8 18. Bd2 Rxb7 19. h3 Nh6 20. exd6 exd6 21. Rab1 Rfb8 22. Rxb7 Rxb7 23. Ne4 d5 24. Ng5 Bd4+ 25. Kh2 Rb3 26. Bb4 Rxd3 27. Rc1 Nf5 28. Rc8+ Kg7 29. Bf8+ Kf6 30. Rc6+ 1-0